| 000 | 01087nas a2200313 4500 | ||
|---|---|---|---|
| 001 | BR2012004790 | ||
| 003 | BR-BrBNA | ||
| 005 | 20231205120809.0 | ||
| 007 | ta | ||
| 008 | 230509b bl.|||p| |||| 00| 00por d | ||
| 040 |
_aBR-BrBNA _bpor _cBiblioteca Nacional de Agricultura |
||
| 041 | _a(Pt) | ||
| 072 | _aF50; F60 | ||
| 100 | 1 | _aPantoja, L. | |
| 100 | 1 | _aPinto, N.A.V.D. | |
| 100 | 1 | _aLopes, C. | |
| 100 | 1 | _aGandra, R. | |
| 100 | 1 | _aSantos, A.S. dos | |
| 245 | 1 | _aCaracterização física e físico-química de frutos de duas variedades de tamarilho oriundas do norte de Minas Gerais | |
| 246 | 1 | _aPhysical and physicochemical characterization of fruits of two varietes of tamarillo originated from the north of Minas Gerais | |
| 650 | _aTAMARILO | ||
| 650 | _aCYPHOMANDRA BETACEA | ||
| 650 | _aVARIEDADE | ||
| 650 | _aFRUTO | ||
| 650 | _aPROPRIEDADE FÍSICO-QUÍMICA | ||
| 773 | 0 |
_tRevista Brasileira de Fruticultura (Brazil) _xISSN 0100-2945 _g(Sep 2009), v. 31(3) p. 916-919 _wBR2012004790 |
|
| 909 |
_a202311 _bLúcia _c55 _dLúcia Elande |
||
| 942 |
_2AGRIS _n0 _cANA |
||
| 999 |
_c220357 _d220357 |
||